Famous TikTokers - Statistics

General Stats
  • This quiz has been taken 300 times
  • The average score is 10 of 15
Answer Stats
Hint Answer % Correct
D'amelio Charli
100%
Rae Addison
98%
D'amelio Dixie
98%
Beck Noah
89%
Lopez Tony
81%
Hall Bryce
78%
Gregg Avani
77%
Richards Josh
73%
Gray Loren
70%
Lopez Ondreaz
61%
Warren Alex
54%
Monroe Madi
50%
Gray Blake
41%
Annon Kouvr
25%
Moore Alec
7%
No matching quizzes found
Score Distribution
Percent of People with Each Score
Percentile by Number Answered
Your Score History
You have not taken this quiz